000 00321nam a22001337a 4500
008 170712b xxu||||| |||| 00| 0 eng d
020 _a9781859580455
041 _aeng
080 _a038
100 _a23
101 _aFJA
245 _aTHE 811 DICTIONARY OF THE VULGAR TONGUE
_cHARRISON.M
942 _2udc
_cBK
999 _c20393
_d20393